Analogue and digital signal processing and coding /

Bibliographic Details
Other Authors: Grant, P. M., Cowan, C. F. N., Mulgrew, B., Dripps, J. H.
Format: Book
Language:English
Published: Bromley, Kent, England : Lund, Sweden : Chartwell-Bratt ; Studentlitteratur, c1989.
Subjects:
Classic Catalogue: View this record in Classic Catalogue
LEADER 01409nam a2200289 a 4500
001 0020223
003 BD-DhAAL
008 010516s1989 enka b 001 0 eng d
020 |a 9780862382063 (pbk.) 
020 |a 0862382068 (pbk.) 
040 |a FLT  |c FLT  |d EUN  |d BD-DhAAL 
082 0 0 |a 621.3822  |2 21 
245 1 0 |a Analogue and digital signal processing and coding /  |c P.M. Grant ... [et al.]. 
260 |a Bromley, Kent, England :  |b Chartwell-Bratt ;  |a Lund, Sweden :  |b Studentlitteratur,  |c c1989. 
300 |a xvi, 366 p. :  |b ill. ;  |c 23 cm 
504 |a Includes bibliographical references and index. 
526 |a EEE  |x Md Sayeed Salam Department of Electrical and Electronic Engineering BRAC University Course Name : Digital Signal Processing (EEE 542) 
541 1 |e 0020223  |a Trim Education 
650 0 |a Signal processing. 
700 1 |a Grant, P. M.  |9 58923 
700 1 |a Cowan, C. F. N.  |9 58924 
700 1 |a Mulgrew, B.  |9 58925 
700 1 |a Dripps, J. H.  |9 58926 
852 4 |a Ayesha Abed Library  |c General Stacks 
942 |2 ddc  |c BK 
999 |c 8588  |d 8588 
952 |0 0  |1 0  |2 ddc  |4 0  |6 621_382200000000000_ANA_1989  |7 0  |9 10226  |a BRACUL  |b BRACUL  |c GEN  |d 2010-05-16  |e Trim Education  |g 13950.00  |l 0  |o 621.3822 ANA  |p 3010020223  |r 2010-05-16  |t 1  |v 27900.00  |w 2010-05-16  |y BK  |x Requisitioned by Md Sayeed Salam (Department of Electrical and Electronic Engineering, BRAC University) for the course named- "Digital Signal Processing (EEE 542)"